Web-based education (E-BOOK) (Record no. 191684)

000 -LEADER
fixed length control field 00927 a2200241 4500
003 - CONTROL NUMBER IDENTIFIER
control field Nust
005 - DATE AND TIME OF LATEST TRANSACTION
control field 20170207154021.0
010 ## - LIBRARY OF CONGRESS CONTROL NUMBER
LC control number 2002156243
020 ## - INTERNATIONAL STANDARD BOOK NUMBER
International Standard Book Number 159140102X (hard cover)
020 ## - INTERNATIONAL STANDARD BOOK NUMBER
International Standard Book Number 1591401100 (ebook)
040 ## - CATALOGING SOURCE
Transcribing agency Nust
082 00 - DEWEY DECIMAL CLASSIFICATION NUMBER
Classification number 371.334
245 00 - TITLE STATEMENT
Title Web-based education (E-BOOK)
Remainder of title learning from experience /
Statement of responsibility, etc. [edited by] Anil Aggarwal.
260 ## - PUBLICATION, DISTRIBUTION, ETC.
Place of publication, distribution, etc. Hershey, PA :
Name of publisher, distributor, etc. Information Science Pub.,
Date of publication, distribution, etc. c2003.
300 ## - PHYSICAL DESCRIPTION
Extent xv, 469 p. :
Other physical details ill. ;
Dimensions 26 cm.
505 ## - FORMATTED CONTENTS NOTE
Formatted contents note Part I. WBE: An Overview, Current and Future Part II. WBE: Enhancing Technologies Part III. WBE: Design Issues Part IV. WBE: Diffusion Across Disciplines and Communities Part V. WBE: Diffusion Across Boundaries (Case Studies)
650 #0 - SUBJECT ADDED ENTRY--TOPICAL TERM
Topical term or geographic name entry element Education
General subdivision Computer network resources.
650 #0 - SUBJECT ADDED ENTRY--TOPICAL TERM
Topical term or geographic name entry element Experiential learning.
650 #0 - SUBJECT ADDED ENTRY--TOPICAL TERM
Topical term or geographic name entry element Internet in education.
650 #0 - SUBJECT ADDED ENTRY--TOPICAL TERM
Topical term or geographic name entry element World Wide Web.
651 ## - SUBJECT ADDED ENTRY--GEOGRAPHIC NAME
Geographic name E-BOOK
700 1# - ADDED ENTRY--PERSONAL NAME
Personal name Aggarwal, Anil,
Dates associated with a name 1949-
942 ## - ADDED ENTRY ELEMENTS (KOHA)
Source of classification or shelving scheme
Koha item type Book
Holdings
Withdrawn status Lost status Source of classification or shelving scheme Damaged status Not for loan Collection code Permanent Location Current Location Date acquired Total Checkouts Full call number Barcode Date last seen Price effective from Koha item type
            Military College of Signals (MCS) Military College of Signals (MCS) 12/12/2016   371.334 WEB MCSEB-922 12/08/2016 12/12/2016 Book
© 2023 Central Library, National University of Sciences and Technology. All Rights Reserved.